01505nam a2200277 u 450000100060000000300100000600500170001600700030003300800410003603500100007703500210008704000350010804100080014308200080015110000360015924500280019525000170022326400980024030000320033849000370037050506290040765000230103665000430105965000230110283001020112590757CO-MdUADB20260504071544.0ta960313s1977 ck d gr 0 spa d a90757 a(OCoLC)778238081 aCO-MdUADBbspacCO-MdUADBerda aspa 4a3011 aMejía Córdova, Juvenaleaut10aApuntes de sociología a1. edición 1aBogotá :bEdiciones Universidades Simón Bolívar Libre de Pereira y Medellín, c1977. a132 páginas :bgráficas1 aColección Universidad y Pueblo0 tIntroducción. -- tCapítulo I: Conceptos generales sobre sociología. -- tCapítulo II: Qué tipo de ciencia es la sociología. -- tCapítulo III: Periodos históricos. Los precursores - Los fundadores - Compte - Spencer - Hegel - Marx. --tCapítulo IV: Filosofía social. -- tCapítulo V: Metodología social. -- tCapítulo VI: Contenido social: Hechos sociales y clasificación. -- tCapítulo VII: Morfología social. -- tCapítulo VIII: Sociología antropológica: el hombre. -- tCapítulo IX: Sociología etnológica: el factor raza. -- tCapitulo X: Leyes sociales. -- tBibliografía.  7aSociología2lemb 7aCiencias sociales2armarcxFilosofía 7aSociólogos2lemb 0aColección Universidad y Pueblo (Ediciones Universidades Simón Bolívar y Libre de Pereira)